| Registos Bibliográficos associados ao registo de autoridade |
|
Etiqueta de registo: 00000nam 2200025 450 001 2276599 003 http://id.bnportugal.gov.pt/bib/catbnp/2276599 010 ## $a978-989-33-3243-6 021 ## $aPT$b500777/22 100 ## $a20260305d2022 m y0pory01030103ba 101 0# $apor 102 ## $aPT 105 ## $aa z 000yy 106 ## $ar 200 1# $aCelulose da Caima, 130 anos$einovação e resiliência$dCaima Cellulose, 130 years$einnovation and resilience$fJorge Custódio$ginvestigação e textos Sofia Costa Macedo, Susana Pacheco$gautores dos textos das caixas Andrew Bailey... [et al.]$zeng 210 #9 $aConstância$cCaima - Indústria de Celulose,$d2022 215 ## $a637, [2] p.$cil.$d31 cm 304 ## $aTít. paralelo retirado da ficha técnica 316 ## $aDedicatória do autor$5PTBN: S.C. 9320 A. 510 1# $aCaima Cellulose, 130 years$einnovation and resilience$zeng 675 ## $a334.71(469)"1888/2018"(091)$vBN$zpor$31995624 675 ## $a676(469)"1888/2018"(091)$vBN$zpor$31995623 700 #1 $aCustódio,$bJorge,$f1947-$332425 701 #1 $aMagrinho,$bSofia de Almeida da Costa Macedo$4070$31693453 701 #1 $92$aPacheco,$bSusana$4070$31995010 702 #1 $aBailey,$bAndrew$4205$31995011 801 #0 $aPT$bBN$gRPC 966 ## $lBN$mFGMON$pARAG$sS.C. 9320 A.$x3 971 ## $cssilva$d20260408 972 ## $e0$z0$d20260415$vasantos 973 ## $cmlsousa$d20260414
|
|
|